LEADER 01110nam a2200265 a 4500 001 991001941729707536 008 070528s2006 it 100 0 ita d 020 $a8815113401 035 $ab13451510-39ule_inst 040 $aDip.to di Studi Storici$bita 082 0 $a353.30945 245 10$aTra Stato e società civile :$bMinistero dell'interno, Prefetture, autonomie locali /$ca cura di Marco De Nicolò 260 $aBologna :$bIl mulino,$c[2006] 300 $a612 p. ;$c21 cm 440 0$aPercorsi 500 $aAtti del Convegno tenutosi a Roma nel 2002 651 4$aItalia$xMinistero dell'interno$vCongressi 700 1 $aDe Nicolò, Marco 907 $a.b13451510$b02-04-14$c09-11-06 912 $a991001941729707536 945 $aLE027 353.30 DEN01.01$g1$i2027000130030$lle027$op$pE42.00$q-$rl$s- $t0$u0$v0$w0$x0$y.i14464354$z28-05-07 945 $aLE023 353.309 DEN 1 1 $g1$i2023000088968$lle023$o-$pE42.00$q-$rl$s- $t0$u6$v0$w6$x0$y.i14317801$z14-11-06 996 $aTra stato e società civile$9726371 997 $aUNISALENTO 998 $ale027$a(2)le023$b - - $cm$da $e-$fita$git $h0$i3 LEADER 02575nam 2200553Ia 450 001 9910791821903321 005 20200520144314.0 010 $a1-61209-861-4 035 $a(CKB)2560000000070420 035 $a(EBL)3018933 035 $a(SSID)ssj0000467280 035 $a(PQKBManifestationID)12143292 035 $a(PQKBTitleCode)TC0000467280 035 $a(PQKBWorkID)10484771 035 $a(PQKB)10223932 035 $a(MiAaPQ)EBC3018933 035 $a(Au-PeEL)EBL3018933 035 $a(CaPaEBR)ebr10662739 035 $a(OCoLC)703683478 035 $a(EXLCZ)992560000000070420 100 $a20090831d2010 uy 0 101 0 $aeng 135 $aur|n|---||||| 181 $ctxt 182 $cc 183 $acr 200 00$aBiological clocks$b[electronic resource] $eeffects on behavior, health, and outlook /$fOktav Salvenmoser and Brigitta Meklau, editors 210 $aNew York $cNova Science Publishers$dc2010 215 $a1 online resource (223 p.) 225 1 $aPublic Health in the 21st Century 300 $aDescription based upon print version of record. 311 $a1-60741-251-9 320 $aIncludes bibliographical references and index. 327 $aThe human biological clock : from genes to chronotherapy / Michel A. Hofman -- Photosensitivity : a disregarded attribute to analyze "photoperiodic clocks" / Hubert R. Spieth and Katharina Straus -- Respiration rhythmic and quality of sleep to the total wellness and development of a child / Jong Yong Abdiel Foo, Stephen James Wilson -- Circadian sleep-wake rhythms in preterm infants / Ronny Geva and Ruth Feldman -- Interactions between the circadian and the immune system : a framework for the understanding of disease / Natalia Paladino ... [et al.] -- Chronoecology of neotropical primates : the spider monkey Ateles Geoffroyi / Jairo Mun?oz-Delgado and Mari?a Corsi-Cabrera -- On clocks, chaos, and cancer : a biodynamic approach to cancer / Federico Cardona -- Klepsydraic model of internal time representation : experimental findings and analytical properties / Jiri? Wackermann. 410 0$aPublic Health in the 21st Century 606 $aBiological rhythms 606 $aCircadian rhythms 615 0$aBiological rhythms. 615 0$aCircadian rhythms. 676 $a612/.022 701 $aSalvenmoser$b Oktav$01478435 701 $aMeklau$b Brigitta$01478436 801 0$bMiAaPQ 801 1$bMiAaPQ 801 2$bMiAaPQ 906 $aBOOK 912 $a9910791821903321 996 $aBiological clocks$93694114 997 $aUNINA